000
00315nam a2200145Ia 4500
008
200305s9999 xx 000 0 und d
082
_a
338.9
082
_b
TRE
100
_a
TRIPATHI
245
_a
ECONOMICS DEVELOPMENT
260
_a
NEW DELHI
_b
MARK PUB
300
_a
250
650
_a
ECONOMICS
999
_c
35583
_d
35583
041
_a
eng